Normal view MARC view

Entry Personal Name

Number of records used in: 1

001 - CONTROL NUMBER

  • control field: 54711

003 - CONTROL NUMBER IDENTIFIER

  • control field: dpl

005 - DATE AND TIME OF LATEST TRANSACTION

  • control field: 20130110145944.0

008 - FIXED-LENGTH DATA ELEMENTS

  • fixed length control field: 130110|||a|||||| | ||| d

040 ## - CATALOGING SOURCE

  • Original cataloging agency: dpl
  • Transcribing agency: dpl

100 ## - HEADING--PERSONAL NAME

  • Personal name: Lincroft, Gary, ed.

670 ## - SOURCE DATA FOUND

  • Source citation: Work cat.: (dpl): Ranganathan, S. R. 54709, Library cataloguing /, 2008

670 ## - SOURCE DATA FOUND

  • Source citation: Work cat.: (dpl): Ranganathan, S. R. 54709, Library cataloguing /, 2008

© Delhi Public Library
Hit Counter
free hit counter